000 00264nam a22001217a 4500
999 _c165363
_d165363
082 _a
_b
100 _aBachchan Singh
245 _aNirmala shabdkosh/
_cby Bachchan Singh.
260 _aNew Delhi:
_bVani,
_c2008.
300 _a128p.
650 _a
942 _cBK